00373nam a2200157Ia 4500008004100000020001800041082001400059100002200073245002200095250000800117260002500125300001100150500002500161650001200186700001700198230524s9999 xx 000 0 und d a9780070634374 a4.25bSIN aAmarendra N Sinha 0aComputer Graphics a1ST aNEW DELHIbTMHc2008 aXI;465 aQuantity Number: 10 aComp-Sc a Arun D Udai